| 000 | 00671nam a2200277Ia 4500 | ||
|---|---|---|---|
| 008 | 160803s9999 xx 000 0 und d | ||
| 020 | _a0 439700957 | ||
| 100 | _aCarman, Patrick | ||
| 245 | 4 | _aThe tenth city / | |
| 245 | _cPatrick Carman. | ||
| 250 | _aFirst edition. | ||
| 260 | _aNew York : | ||
| 260 | _bScholastic Inc. | ||
| 260 | _c2006 | ||
| 300 | _axii, 186 pages ; | ||
| 300 | _c19 cm. | ||
| 440 | _aThe Land of Elyon ; | ||
| 440 | _vbk. 3 | ||
| 650 | _aHuman-animal communication -- | ||
| 650 | _aMagic -- | ||
| 650 | _aVoyages and travels -- | ||
| 650 | _xFiction. | ||
| 650 | _xFiction. | ||
| 650 | _xFiction. | ||
| 700 | _a960 | ||
| 999 |
_c299590 _d299590 |
||